Titres de l'album "Ipséité " de Damso - Statistiques

Statistiques générales
  • Ce quiz a été pris 570 fois
  • Le résultat moyen est 10 sur 14
Statistiques - réponses
Titre n° Réponse % Correct
8 Macarena
89%
3 Mosaïque solitaire
89%
6 Kietu
81%
1 Nwaar Is The New Black
80%
4 Dieu ne ment jamais
77%
9 Peur d'être père
74%
5 Signaler
74%
14 Une âme pour deux
74%
7 Gova
72%
10 Kin la belle
72%
11 Lové
71%
13 J Respect R
70%
2 #QuedusaalVie
61%
12 Noob Saibot
60%
Aucun quiz correspondant
Distribution des résultats
% des personnes avec chaque résultat
Percentile par nombre de réponses
Votre historique - résultats
Vous n’avez pas pris ce quiz